U.S. City by Attraction - Picture Quiz - Statistics

General Stats
  • This quiz has been taken 54 times
  • The average score is 14 of 16
Answer Stats
Picture Hint Answer % Correct
___ ______ Strip Las Vegas
100%
Times Square New York City
100%
Golden Gate Bridge San Francisco
100%
Space Needle Seattle
100%
Washington Monument Washington D.C
100%
Santa Monica Pier Los Angeles
96%
Walt Disney World Orlando
96%
_____ Beach Miami
91%
Gateway Arch St. Louis
91%
Liberty Bell Philadelphia
89%
French Quarter New Orleans
87%
The Bean Chicago
85%
General Motors Renaissance Center Detroit
83%
Fenway Park Boston
81%
The Alamo San Antonio
74%
Reunion Tower Dallas
51%
No matching quizzes found
Score Distribution
Percent of People with Each Score
Percentile by Number Answered
Your Score History
You have not taken this quiz